<?xml version="1.0" encoding="UTF-8"?>
<record
    xmlns:xsi="http://www.w3.org/2001/XMLSchema-instance"
    xsi:schemaLocation="http://www.loc.gov/MARC21/slim http://www.loc.gov/standards/marcxml/schema/MARC21slim.xsd"
    xmlns="http://www.loc.gov/MARC21/slim">

  <leader>01765    a2200241   4500</leader>
  <controlfield tag="001">63654</controlfield>
  <controlfield tag="005">20260407155935.0</controlfield>
  <controlfield tag="008">260407a2006    arg                 spa d</controlfield>
  <controlfield tag="003">AR-UNSa-BCEJYS</controlfield>
  <datafield tag="040" ind1=" " ind2=" ">
    <subfield code="a">AR-UNSa-BCEJYS</subfield>
    <subfield code="b">spa</subfield>
    <subfield code="c">AR-UNSa-BCEJYS</subfield>
  </datafield>
  <datafield tag="080" ind1=" " ind2=" ">
    <subfield code="a">342.1</subfield>
    <subfield code="x">Estado. Pueblo. Naci&#xF3;n. Poder del estado (Derecho pol&#xED;tico)</subfield>
  </datafield>
  <datafield tag="245" ind1="1" ind2="0">
    <subfield code="a">Estado posmoderno y globalizaci&#xF3;n</subfield>
    <subfield code="p">Transformaci&#xF3;n del Estado-naci&#xF3;n argentino</subfield>
  </datafield>
  <datafield tag="020" ind1=" " ind2=" ">
    <subfield code="a">978-950-29-0940-0</subfield>
  </datafield>
  <datafield tag="264" ind1=" " ind2="1">
    <subfield code="a">Buenos Aires :</subfield>
    <subfield code="b">Universidad de Buenos Aires. Facultad de Derecho. Departamento de Publicaciones</subfield>
    <subfield code="c">2006</subfield>
  </datafield>
  <datafield tag="300" ind1=" " ind2=" ">
    <subfield code="a">xxii, 141 p.</subfield>
    <subfield code="c">22 cm.</subfield>
  </datafield>
  <datafield tag="505" ind1=" " ind2=" ">
    <subfield code="a">1. &#xBF;Hacia un estado pormoderno?: transformaci&#xF3;n e identidad - 2. El contrato social ausente: La formaci&#xF3;n del Estado - naci&#xF3;n argentino y los conflictos decisivos considerados desde una concepci&#xF3;n cosmop&#xF3;lita - 3. El estado en transformaci&#xF3;n: La situaci&#xF3;n de los Estados fallidos - 4. El discurso testimonial en Am&#xE9;rica Latina y su relaci&#xF3;n con el concepto de naci&#xF3;n - 5. Un an&#xE1;lisis acerca del discurso neoliberal en la Argentina y sus consecuencias: El concepto de familia en el discurso de los indigentes argentinos y chilenos - 6. El Estado en el discurso de los indigentes: Estudio sobre la representaci&#xF3;n de las categorias "organismos estatales" y "organismos no estatales" en el discurso de un grupo de indigentes de la ciudad de Buenos Aires - Estado, ciudadania y discurso escolar: An&#xE1;lisis de libros de texto de sexto a&#xF1;o de la Educaci&#xF3;n General B&#xE1;sica.</subfield>
  </datafield>
  <datafield tag="041" ind1=" " ind2=" ">
    <subfield code="a">spa</subfield>
  </datafield>
  <datafield tag="942" ind1=" " ind2=" ">
    <subfield code="c">BK</subfield>
  </datafield>
  <datafield tag="590" ind1=" " ind2=" ">
    <subfield code="a">niveau_biblio:m niveau_hierar:0</subfield>
  </datafield>
  <datafield tag="100" ind1="1" ind2=" ">
    <subfield code="a">Ortiz, Tulio E.</subfield>
  </datafield>
  <datafield tag="700" ind1="1" ind2=" ">
    <subfield code="a">Pardo, Maria Laura</subfield>
  </datafield>
  <datafield tag="856" ind1="4" ind2="1">
    <subfield code="u">https://www.biblioeco.unsa.edu.ar/pmb/images/libros/L129419.jpg</subfield>
    <subfield code="y">Imagen de portada</subfield>
    <subfield code="q">image/jpeg</subfield>
  </datafield>
  <datafield tag="999" ind1=" " ind2=" ">
    <subfield code="c">8261</subfield>
    <subfield code="d">8261</subfield>
  </datafield>
  <datafield tag="952" ind1=" " ind2=" ">
    <subfield code="0">0</subfield>
    <subfield code="1">0</subfield>
    <subfield code="4">0</subfield>
    <subfield code="7">0</subfield>
    <subfield code="a">BCEJYS</subfield>
    <subfield code="b">BCEJYS</subfield>
    <subfield code="c">16</subfield>
    <subfield code="d">2026-04-07</subfield>
    <subfield code="l">0</subfield>
    <subfield code="o">342.1 O77</subfield>
    <subfield code="p">L129419</subfield>
    <subfield code="r">2026-04-07 15:59:35</subfield>
    <subfield code="w">2026-04-07</subfield>
    <subfield code="y">L</subfield>
  </datafield>
</record>
